Statistics for windows quiz all os version

Click here to take the quiz!

General Stats

  • This quiz has been taken 21 times
  • The average score is 11 of 49

Answer Stats

HintAnswer% Correct
windows 1.0
93%
windows 10
93%
windows 7
71%
windows 8
71%
windows 2.0
64%
windows xp
64%
windows 11
57%
windows vista
57%
windows 3.0
50%
windows 95
50%
windows 98
50%
windows 8.1
43%
windows me
43%
serverswindows 2000
36%
windows 2000
36%
windows server 2003
29%
windows server 2016
29%
windows server 2019
29%
windows server 2022
29%
windows server 2008
21%
windows server 2012
21%
windows 98 second
7%
windows cewindows CE 1
7%
windows CE 2
7%
Windows CE 3
7%
Windows CE 4
7%
Windows CE 5
7%
handheldpocket pc 2000
0%
pocket pc 2002
0%
Windows SBSsmall business server 2000
0%
HPC SERVERsWindows Compute Cluster Server 2003
0%
WEBS SERVERwindows essential business server 2008
0%
Windows home serverwindows home server
0%
windows home server 2011
0%
Windows HPC Server 2008
0%
windows mobile 10
0%
windows mobile 2003
0%
windows mobile 5.0
0%
windows mobile 6.0
0%
windows multipoint serverwindows multipoint server 2010
0%
windows multipoint server 2011
0%
windows multipoint server 2012
0%
windows arm tabletswindows RT
0%
windows RT 8.1
0%
windows small business server 2003
0%
windows small business server 2008
0%
xp based tabletswindows xp tablet pc edition
0%
windows xp tablet pc edition 2005
0%
wndows mobile 8
0%

Score Distribution

Percentile by Number Answered

Percent of People with Each Score

Your Score History

You have not taken this quiz